000 01086nam a2200265Ia 4500
003 OSt
005 20220923211433.0
006 a|||||r|||| 00| 0
007 ta
008 220922b |||||||| |||| 00| 0 hin d
020 _a9789350001608 (hbk)
_c850
024 _a282,833
037 _b318, 10/01/2015, Vani Prakashan
_cTextual
040 _aARTS
_cARTS
_bhin
041 _2hin
_ahin
082 _aO142,3M70x, 152Q0
100 _aकुप्रीन, अलेक्सांद्र; वर्मा, निर्मल, अनु.
_9160486
245 0 _aओलेस्या तथा अन्य कहानियॉं
246 _aOlesyā tathā anya kahāniyaॉan
260 _aनयी दिल्ली
_b वाणी प्रकाशन
_c2010
300 _a329पृ.
_ccm.
650 _aरशियन कहानी
942 _hO142,3M70x, 152Q0
_cTEXL
_2CC
999 _c299496
_d299496